Bezpečnostná politika Slovenska vo vzťahu k bezpečnostnej politike Aliancie

Bibliographic Details
Main Author: Laml, Roman (Author)
Other Authors: Geisbacherová, Daniela, 1952- (asm)
Format: Article
Language:Slovak
ISSN:1210-1583
Subjects:

MARC

LEADER 00000nab a2200000 a 4500
001 vtls000805050
003 SK-MaSNL
005 20260305015214.0
008 250429c2002 xo 0 slo
015 |a SNBRB2002/09-26689 
035 |a CLN000156705 
035 |a urn:nbn:sk:snk-ab7b59 
035 |a (uuid)22b4189c-1c7a-466e-9d56-fd9c368aba88 
035 |a (urnnbn)urn:nbn:sk:snk:ar-a07el3 
035 |a (sysno)vtls000805050 
040 |a SNKBUCL  |b slo  |c SNKBUCL  |e AACR2 
041 0 |a slo 
044 |a xo  |c SK 
080 |a 327(437.6):327.51(100)  |2 1997 
080 |a 327.51(100):355.45.02(437.6)  |2 1997 
080 |a 355.45.02(437.6)  |2 1997 
100 1 |a Laml, Roman  |4 aut  |9 542485 
245 1 0 |a Bezpečnostná politika Slovenska vo vzťahu k bezpečnostnej politike Aliancie  |c Roman Laml 
500 |a Autor resumé Daniela Geisbacherová 
504 |a Bibliogr. odkazy 
504 |a Res. angl. 
610 7 |a NATO  |x politika bezpečnostná  |2 snkbucl  |9 909629 
610 2 7 |a NATO  |2 snkbucl  |9 33599 
650 0 7 |a bezpečnostná politika  |z Slovensko  |2 snkbucl  |9 65100 
655 7 |a články z novín a časopisov  |2 snkbucl  |9 267496 
700 1 |a Geisbacherová, Daniela,  |d 1952-  |4 asm  |9 210956 
773 0 |t Medzinárodné otázky  |g Roč. 11, č. 2 (2002), s. 35-52  |x 1210-1583 
850 |a Slovenská národná knižnica 
852 |a Slovenská národná knižnica 
954 |a odborná, vedecká literatúra pôvodná (slovenská)  |2 lita 
958 |a article2022 
958 |a OND 
958 |a SK 
958 |a NB 
958 |a EUIPO 
999 |c 3273634  |d 3275564